| Tag |
First Indicator |
Second Indicator |
Subfields |
| LEADER |
00000cam a2200000 i 4500 |
| 001 |
in00000014859 |
| 005 |
20151007052915.0 |
| 008 |
800424s1979 caua b 00010beng |
| 010 |
|
|
|a 80110579
|
| 020 |
|
|
|a 0520039831 :
|c $28.50
|
| 035 |
|
|
|a (OCoLC)06172775
|
| 035 |
|
|
|9 AAA9657AM
|
| 040 |
|
|
|a DLC
|c DLC
|d m.c.
|d OCL
|d TXA
|d UtOrBLW
|
| 049 |
|
|
|a TXAM
|c 1 [A11490621], 2 [A12986358]
|
| 050 |
0 |
0 |
|a ML410.S932
|b W47 1984
|
| 082 |
0 |
|
|a 780/.92/4
|a B
|
| 090 |
|
|
|a ML410.S932
|b W47 1979
|
| 100 |
1 |
|
|a White, Eric Walter,
|d 1905-1985.
|
| 245 |
1 |
0 |
|a Stravinsky, the composer and his works /
|c Eric Walter White.
|
| 250 |
|
|
|a 2d ed.
|
| 264 |
|
1 |
|a Berkeley :
|b University of California Press,
|c 1979.
|
| 300 |
|
|
|a 656 pages :
|b illustrations ;
|c 26 cm.
|
| 336 |
|
|
|a text
|b txt
|2 rdacontent
|
| 337 |
|
|
|a unmediated
|b n
|2 rdamedia
|
| 338 |
|
|
|a volume
|b nc
|2 rdacarrier
|
| 500 |
|
|
|a Register of works: pages 162-551.
|
| 500 |
|
|
|a "Cal 719."
|
| 504 |
|
|
|a Bibliography: pages 621-633.
|
| 600 |
1 |
0 |
|a Stravinsky, Igor,
|d 1882-1971.
|
| 650 |
|
0 |
|a Composers
|v Biography.
|
| 999 |
|
|
|a MARS
|
| 999 |
f |
f |
|s e76a9078-4663-3cfd-9381-e65cbaf7bbb8
|i d161d6b7-be14-3bb6-a00f-15fe525ca9b1
|t 0
|
| 952 |
f |
f |
|p storage
|a Texas A&M University
|b J.J. Pickle Campus
|c High Density Repository
|d Remote Storage
|t 0
|e ML410.S932 W47 1979
|h Library of Congress classification
|i unmediated -- volume
|m A14812986358
|
| 952 |
f |
f |
|p normal
|a Texas A&M University
|b College Station
|c Sterling C. Evans Library
|d Evans: Library Stacks
|t 0
|e ML410.S932 W47 1979
|h Library of Congress classification
|i unmediated -- volume
|m A14815568662
|
| 998 |
f |
f |
|a ML410.S932 W47 1979
|t 0
|l Evans: Library Stacks
|
| 998 |
f |
f |
|a ML410.S932 W47 1979
|t 0
|l Remote Storage
|